International journal of women's health

Bibliographic Details
Format: Electronic Journal
Language:English
Published: [Auckland, N.Z.] : Dove Medical Press, ©2009-
Subjects:
Online Access:Full text available from Research Library: 01/01/2009 to present

MARC

LEADER 00000nas a2200000 a 4500
001 ssj0000331798
003 WaSeSS
005 20200512172242.0
006 m d
007 cr n
008 090427c20099999nz uu p s 0 a0eng c
010 |a  2010243418 
016 7 |a 101531698  |2 DNLM 
016 7 |a 2508161-5  |2 DE-600 
022 |a 1179-1411  |l 1179-1411 
035 |a (WaSeSS)ssj0000331798 
040 |a NZ1  |b eng  |c NZ1  |d OCLCQ  |d NLM  |d OCLCQ  |d OCLCF  |d OCLCO  |d CUS  |d EUW  |d OCLCO  |d OCLCQ  |d OCLCO  |d UIU  |d OCLCQ  |d CASUM  |d OCLCO  |d OCLCQ  |d OCLCO  |d OCLCA  |d OCLCQ  |d OCLCA  |d SFB  |d WaSeSS 
042 |a pcc 
050 1 4 |a RA778.A1 
060 1 0 |a W1 
082 0 4 |a 613.0424405  |2 22 
210 1 0 |a Int J Women's Health  |2 dnlm 
210 1 |a Int. j. women's health 
222 0 |a International journal of women's health 
245 0 0 |a International journal of women's health  |h [electronic resource]. 
260 |a [Auckland, N.Z.] :  |b Dove Medical Press,  |c ©2009- 
362 1 |a Began with v. 1 (2009). 
500 |a Archived by the National Library of New Zealand. 
500 |a Hypertext links contained in the archived instances of this title are non-functional.  |5 Nz 
506 |a License restrictions may limit access. 
515 |a Articles added irregularly during the year and collected into annual issues. 
538 |a Mode of access: World Wide Web. 
588 |a Description based on first issue; title from journal home page (viewed Apr. 28, 2009). 
588 |a Latest issue consulted: Vol. 2 (2010) (viewed May 25, 2010). 
650 0 |a Women  |x Health and hygiene  |v Periodicals. 
650 0 |a Women  |x Diseases  |v Periodicals. 
650 7 |a Women  |x Diseases.  |2 fast  |0 (OCoLC)fst01176639 
650 7 |a Women  |x Health and hygiene.  |2 fast  |0 (OCoLC)fst01176758 
650 1 2 |a Women's Health. 
655 0 |a Electronic journals. 
856 4 0 |z Full text available from Research Library: 01/01/2009 to present  |u https://search.proquest.com/publication/3933139